géo - Statistiques

Statistiques générales
  • Ce quiz a été pris 42 fois
  • Le résultat moyen est 8 sur 15
Statistiques - réponses
Question Réponse % Correct
Le désert non africain Gobi
89%
Le + haut sommet Everest
86%
Pays ayant le néerlandais comme langue officielle Suriname
86%
Le pays enclavé Moldavie
69%
Parmi ces iles, laquelle est totalement Indonésienne ? Célèbes
50%
Maintenant celle qui n'est pas Indonésienne Luçon
50%
Pays ayant le plus grand nombre d'Ile (bout de terre ) Suède
47%
Stalingrad est l'ancien nom de quelle ville ? Volgograd
47%
Maintenant le plus éloignée du centre de la terre Chimborazo
44%
Enfin la Norvège et le Canada (tous deux dans le top 4) ont le plus grand Km de cote. sélectionne la bonne réponse Norvège : + d'iles et Canada : + de km de côte
44%
Langue non Indoeuropéenne Estonien
42%
Ensuite Le deuxième Finlande
33%
Parmi ces pays, lequel a le plus haut sommet ? Tadjikistan
33%
Parmi ces pays, lequel a la plus grosse superficie ? Soudan du sud
22%
Parmi ces volcans des Andes lequel n'en est pas un ? Aconcagua (Arg)
17%
Aucun quiz correspondant
Distribution des résultats
% des personnes avec chaque résultat
Percentile par nombre de réponses
Votre historique - résultats
Vous n’avez pas pris ce quiz